• 首页
  • 本馆介绍
  • 公告通知
  • 最新文献
  • 馆藏检索
  • 电子资源
  • 读者导购
  • 参考咨询
  • 我的图书馆
  • 登录
  • 详细信息显示
  • 放入我的书架
  • 预约/预借图书
  • 作者相关作品
  • 分类相关作品
  • 丛书相关作品
  • 出版社相关作品

书目信息

  • 表格格式
  • 工作单格式
  • 卡片格式
题名:
汉语速记
    
 
作者: 张潮 , 陈新 编写
分册:  
出版信息: 银川   宁夏人民出版社  1978
页数: 253页
开本: 19cm
丛书名:
单 册:
中图分类: H126.1
科图分类:
主题词: 中文-速记 , 速记-中文
电子资源:
ISBN:
000 00611nam0 2200241 45
001 0178004872
005 20060810094124.87
010    @dCNY0.88
091    @a7157.355
100    @a19950717d1978 em y0chiy0121 ea
101 0  @achi
102    @aCN@b640000
105    @ay z 000yy
200 10 @a汉语速记@Ahan yu su ji@f张潮,陈新编写
210    @a银川@c宁夏人民出版社@d1978
215    @a253页@d19cm
606    @a中文-速记
606    @a速记-中文
690    @aH126.1@v3
701  0 @a张潮@Azhang chao@4编写
701  0 @a陈新@Achen xin@4编写
801  0 @aCN@bNLC@c20060810
905    @dH126.1@e3@f5@b34501-505
    
    汉语速记/张潮,陈新编写.-银川:宁夏人民出版社,1978
    253页;19cm
    
    
    ISBN :CNY0.88
    
●
相关链接 在E读中查询图书 在五车中查询图书 在当当中查询图书 在豆瓣中查询图书


正题名:汉语速记     索取号:H126.1/3         预约/预借

序号 登录号 条形码 馆藏地/架位号 状态 备注
1 0034501   001853211   第四借阅区/ [索取号:H126.1/3] 在馆    
2 0034502   001853131   第四借阅区/ [索取号:H126.1/3] 在馆    
3 0034503   001853177   第四借阅区/ [索取号:H126.1/3] 在馆    
4 0034504   001853024   第四借阅区/ [索取号:H126.1/3] 在馆    
5 0034505   001853097   第四借阅区/ [索取号:H126.1/3] 在馆    
6 0034507   001903391   密集书库/ [索取号:H126.1/3] 在馆    
7 0034508   001590754   第四借阅区/ [索取号:H126.1/3] 在馆    
8 0034510   202073978   第二样本阅览室/ [索取号:H126.1/3] 在馆    
9 0435812   204358122   密集书库/ [索取号:H126.1/3] 在馆    
10 0435813   204358131   密集书库/ [索取号:H126.1/3] 在馆    
11 0450830   204508309   密集书库/ [索取号:H126.1/3] 在馆    
12 0450831   204508318   密集书库/ [索取号:H126.1/3] 在馆    
13 0450832   204508327   密集书库/ [索取号:H126.1/3] 在馆    
唐山师范学院图书馆 欢迎您!
大连网信软件有限公司© 版权所有